1749 1151 1906 1718 1808 1580 1636 1891 1963 1930 1128 1774 1307 1371 1511 1584 1761 1170 1646 1819 1228 1344 1679 1453 1491 1383 1755 1899 1132 1109 1176 1904 1429 1603 1962 1529 1821 1053 1107 1141 1889 1217 1682 1706 1385 1458 1508 1498 1436 1012 1523 1588 1414 1843 1147 1120 1509 1680 1452 1004 1199 1398 1824 1645 1998 1658 1198 1864 1887 1133 1691 1070 1591 1390 1134 1881 1858 1042 1174 1942 1344 1693 1846 1153 1263 1767 1541 1154 1586 1175 1940 1055 1334 1479 1785 1682 1020 1670 1931 BCNSPRNW ULIB Ver.6.0+V

เปลี่ยนเป็นภาษาไทย

Change to English
 แสดงรายละเอียดบรรณานุกรม
  กลับหน้าหลัก

Brief Record : Get Marc (ISO 2709) : E-mail record : QR code < ปิดหน้าต่าง
LEADER : 00000nam 2200000uu 4500
001    13399111805
003     ULIB
008    110627s2551||||th 000 0 tha d
020    9789741002306
090    นว.^bต113จ 2551
100 0  แสตมป์เบอรี่
245 00 Ze-Guys แก๊งหล่อวายร้ายกับยัยจำเลยน่ารัก/^cแสตมป์เบอรี่
250    พิมพ์ครั้งที่ 1
260    กรุงเทพฯ :^bแจ่มใส,^c2551
300    213 หน้า
945    ^p159^l0^i024473
995    ทศพร
999 ^a ใช้งานได้ทุกระบบ
รายการนี้ยังไม่มีแท็ก
คุณยังไม่ได้ล็อกอิน คุณสามารถมีกิจกรรมร่วมกับเว็บไซต์ได้ แต่ต้องล็อกอินก่อน ::
  ล็อกอิน

รายการสื่อสารสนเทศ

ลำดับที่ ประเภท เลขเรียก/บาร์โค้ด สถานที่ สถานะ
- ไม่พบข้อมูล -

รายการใกล้เคียง
    ผู้แต่ง [แสตมป์เบอรี่]

BibComment


ยังไม่เคยถูกคอมเมนท์

คอมเมนท์ทรัพยากรรายการนี้
  คอมเมนท์: ZeGuys แก๊งหล่อวา..


 Copyright 2026. Bcnsprnw @Library